000
00313 a2200157 4500
001
168072
020
_a
040
_c
Magnum
100
_a
Ferreiro, Emilia
240
1
0
_a
Com todas as letras
_l
por
245
1
0
_a
Com todas as letras
362
0
_a
1899
440
1
_a
Cortez
697
_a
ENSINO
942
_c
BK
999
_c
168072
_d
168072